000 00626nam a22002297a 4500
003 BD-DhJNU
005 20250212030912.0
008 250212b |||||||| |||| 00| 0 eng d
020 _a9780240514376
020 _a0240514378
040 _aBD-DhJNU
_bENG
_cBD-DhJNU
_dBD-DhJNU
082 _223
_a778.535
100 _aReisz, Karel
245 _aThe technique of film editing /
_cKarel Reisz and Gavin Millar
250 _a2nd ed.
260 _aBoston :
_bFocal Press,
_c2007.
300 _a411 p. :
_bill. ;
_c24 cm.
504 _aincludes index
650 _aFilm Editing
700 _aMillar, Gavin
942 _2ddc
_cBK
_n0
999 _c1305
_d1305